Social revolution in a Kerala village: a study in culture change (Record no. 357224)

000 -LEADER
fixed length control field 00421cam a22001337a 4500
008 - FIXED-LENGTH DATA ELEMENTS--GENERAL INFORMATION
fixed length control field 180718b1965 xxu||||| |||| 00| 0 eng d
082 ## - DEWEY DECIMAL CLASSIFICATION NUMBER
Classification number B135x5653 Ai98
100 ## - MAIN ENTRY--PERSONAL NAME
Personal name Aiyappan, A.
245 ## - TITLE STATEMENT
Title Social revolution in a Kerala village: a study in culture change
Statement of responsibility, etc. by A. Aiyappan
260 ## - PUBLICATION, DISTRIBUTION, ETC.
Place of publication, distribution, etc. Bombay
Name of publisher, distributor, etc. Asia
Date of publication, distribution, etc. 1965
300 ## - PHYSICAL DESCRIPTION
Extent 183p.
650 ## - SUBJECT ADDED ENTRY--TOPICAL TERM
Topical term or geographic name entry element Social Change - India - Kerala.
650 ## - SUBJECT ADDED ENTRY--TOPICAL TERM
Topical term or geographic name entry element Sociology, Rural - India - Kerala
Holdings
Withdrawn status Lost status Damaged status Not for loan Permanent Location Current Location Date acquired Full call number Barcode Date last seen Price effective from Koha item type
        Indian Institute of Public Administration Indian Institute of Public Administration 2008-12-23 B19x5453 AI98 DA1955 2018-07-21 2018-07-21 DA
        Indian Institute of Public Administration Indian Institute of Public Administration 1994-01-12 B135x5653 Ai98 38595 2018-07-21 2018-07-21 Book

Powered by Koha